[Event "Olympiad Women-45"]
[Site "Budapest"]
[Date "2024.09.20"]
[Round "9.3"]
[White "Baginskaite, Camilla"]
[Black "Tolibova, Dilola"]
[Result "1-0"]
[WhiteElo "2103"]
[BlackElo "1831"]
[PlyCount "69"]
[EventDate "2024.09.11"]
[EventType "team-swiss"]
[EventRounds "11"]
[EventCountry "HUN"]
[SourceTitle "CB39_2024"]
[SourceDate "2024.09.25"]
[SourceVersion "1"]
[SourceVersionDate "2024.09.25"]
[SourceQuality "1"]
[WhiteTeam "Lithuania (W)"]
[BlackTeam "Tajikistan (W)"]
[WhiteTeamCountry "LTU"]
[BlackTeamCountry "TJK"]

1. d4 d5 2. c4 e6 3. Nc3 a6 4. cxd5 exd5 5. Bf4 c6 6. e3 Bd6 7. Bxd6 Qxd6 8. Bd3 Nf6 9. h3 Nbd7 10. Nf3 b5 11. 0-0 0-0 12. Rc1 Re8 13. Qc2 Nf8 14. e4 dxe4 15. Nxe4 Nxe4 16. Bxe4 Bd7 17. Rfd1 Rac8 18. Ne5 Qe6 19. Bxc6 Bxc6 20. Nxc6 Ng6 21. d5 Qd6 22. Qc5 Qxc5 23. Rxc5 Kf8 24. d6 Red8 25. d7 Ra8 26. Nxd8 Rxd8 27. Rc8 Ke7 28. Rxd8 Kxd8 29. Rd6 Ne5 30. Rxa6 Kxd7 31. Rb6 g6 32. Rxb5 Ke6 33. a4 f5 34. a5 Kd6 35. Rxe5 1-0

[Event "Olympiad Women-45"]
[Site "Budapest"]
[Date "2024.09.19"]
[Round "8.3"]
[White "Tolibova, Dilola"]
[Black "Miranda Vargas, Analia Karen"]
[Result "1-0"]
[WhiteElo "1831"]
[BlackElo "1891"]
[PlyCount "61"]
[EventDate "2024.09.11"]
[EventType "team-swiss"]
[EventRounds "11"]
[EventCountry "HUN"]
[SourceTitle "CB39_2024"]
[SourceDate "2024.09.25"]
[SourceVersion "1"]
[SourceVersionDate "2024.09.25"]
[SourceQuality "1"]
[WhiteTeam "Tajikistan (W)"]
[BlackTeam "Ecuador (W)"]
[WhiteTeamCountry "TJK"]
[BlackTeamCountry "ECU"]

1. d4 Nf6 2. Nf3 g6 3. Bf4 Bg7 4. Nc3 d6 5. e4 0-0 6. Qd2 c5 7. Bh6 cxd4 8. Nxd4 Nc6 9. Bxg7 Kxg7 10. Be2 Qa5 11. Nb3 Qd8 12. h4 h5 13. 0-0-0 a6 14. f3 Ne5 15. Nd5 Nxd5 16. exd5 Qb6 17. g4 hxg4 18. f4 Nf3 19. Bxf3 gxf3 20. h5 Bf5 21. Qc3+ f6 22. Qxf3 Rac8 23. c3 Rh8 24. hxg6 a5 25. Nd4 Bd7 26. Rh7+ Rxh7 27. gxh7 Kh8 28. Qh5 a4 29. a3 Be8 30. Qh6 Qa5 31. Qf8+ 1-0

[Event "Olympiad Women-45"]
[Site "Budapest"]
[Date "2024.09.14"]
[Round "4.47"]
[White "De Castro, Neusa Aridas"]
[Black "Tolibova, Dilola"]
[Result "1/2-1/2"]
[WhiteElo "1684"]
[BlackElo "1831"]
[PlyCount "150"]
[EventDate "2024.09.11"]
[EventType "team-swiss"]
[EventRounds "11"]
[EventCountry "HUN"]
[SourceTitle "CB38_2024"]
[SourceDate "2024.09.18"]
[SourceVersion "1"]
[SourceVersionDate "2024.09.18"]
[SourceQuality "1"]
[WhiteTeam "Mozambique (W)"]
[BlackTeam "Tajikistan (W)"]
[WhiteTeamCountry "MOZ"]
[BlackTeamCountry "TJK"]

1. e4 e5 2. Nf3 Nc6 3. Bc4 Be7 4. d3 Nf6 5. c3 d6 6. Nbd2 0-0 7. 0-0 Bg4 8. Re1 h6 9. Nf1 Nh7 10. h3 Bh5 11. Ng3 Bg6 12. Nh2 Kh8 13. Be3 f5 14. exf5 Bxf5 15. Nxf5 Rxf5 16. Bb3 Bg5 17. Bc2 Bxe3 18. Rxe3 Qh4 19. Qe2 Raf8 20. Rf1 Ng5 21. Bd1 Ne6 22. Re4 Nf4 23. Qe3 d5 24. Ra4 Nxh3+ 25. Qxh3 Qf6 26. Ng4 Qf7 27. f3 Rh5 28. Qg3 Qg6 29. Bc2 Rg5 30. Bb1 h5 31. Qh4 Kg8 32. d4 e4 33. Ne3 Qf6 34. Qh3 Qf4 35. fxe4 Qd6 36. Rxf8+ Qxf8 37. exd5 Ne7 38. Qe6+ Kh8 39. Qe4 g6 40. Rxa7 Nf5 41. Qf4 Qe7 42. Bxf5 gxf5 43. Qe5+ Qxe5 44. dxe5 f4 45. e6 fxe3 46. e7 Rg8 47. Ra4 Kg7 48. Re4 Kf7 49. Rxe3 Ke8 50. c4 Rg4 51. b3 Rd4 52. Re2 b5 53. Rc2 bxc4 54. bxc4 Kxe7 55. a4 Rd1+ 56. Kh2 Ra1 57. Re2+ Kd6 58. Re6+ Kd7 59. c5 Rxa4 60. c6+ Kd8 61. Re5 h4 62. Kh3 Ra2 63. Kxh4 Rxg2 64. Kh5 Rg1 65. Rg5 Rd1 66. Re5 Rg1 67. Kh6 Rg2 68. Rg5 Rd2 69. Rg8+ Ke7 70. Rg7+ Kd6 71. Rd7+ Kc5 72. Rxc7 Rxd5 73. Kg7 Rd6 74. Kf7 Rxc6 75. Rxc6+ Kxc6 1/2-1/2